000 00453nam a2200169Ia 4500
003 IN-BaIIA
008 211028s9999 xx 000 0 eng d
040 _cIIA Library
080 _a551.55
_bHAN
100 _aHann, J.
_9405
245 0 _aWind variations on south Indian mountains (in German)
_cJ. Hann
260 _aWien
_bAkademieder Wissenschaften
_c1908
300 _a64p.
650 _aNASA Thesaurus
650 _aWind Variations
_9406
942 _cBK
999 _c203
_d203